000 00719nam a2200289Ia 4500
005 20260324123551.0
008 008 260324s9999 xx 000 0 eng d
020 _a9780203833438
037 _aEBOOK
040 _aCRL
040 _beng
040 _cCRL
041 _2eng
041 _aeng
084 _qCRL
100 _aMarie Soderberg
_91170800
245 0 _aChanging Power Relations in Northeast Asia
245 0 _bImplications for Relations between Japan and South Korea
260 _bTaylor and Francis
260 _c2011
365 _a
365 _b240
856 _uhttp://www.taylorfrancis.com/books/9780203833438
942 _cEBOOK
999 _c1764438
_d1764438